| 000 | 01039nam a22003017a 4500 | ||
|---|---|---|---|
| 001 | 5426 | ||
| 003 | FISKH | ||
| 005 | 20241205103319.0 | ||
| 008 | 241205b cb ||||| |||| 00| 0 eng d | ||
| 020 | _a9780545449380 | ||
| 040 |
_aFISKH _beng _cFISKH _dFISKH |
||
| 050 | _a813.6 | ||
| 082 | _aPZ7.G84568 | ||
| 100 | _aGreenhut, Josh | ||
| 245 |
_aThe US capital commotion / _cCreated by Jeff Brown Written by Josh Greenhut Pictures by Macky Pamintuan |
||
| 250 | _aFirst printing in 2012 | ||
| 260 |
_aNew York : _bScholastic, _c2012. |
||
| 300 |
_a83 pages : _billustrations ; _c20 cm |
||
| 505 | _aT | ||
| 520 | _aFlat Stanley travels to Washington D.C. to receive a special award from the President herself, but even after all his adventures, he is still not sure if he deserves to be called a hero. | ||
| 521 | 8 |
_a800L
_bLexile |
|
| 521 | 8 |
_aT
_bRaz-Plus |
|
| 650 |
_2Washington DC _aFlat Stanley |
||
| 650 |
_2Adventure _aFantasy |
||
| 700 |
_aPamintuan, Macky _dIllustrator |
||
| 942 |
_2ddc _cBK _n0 |
||
| 999 |
_c5426 _d5426 |
||